[Event "BLR-ch 71st"]
[Site "Minsk"]
[Date "2005.03.13"]
[Round "10"]
[White "Trifonov, Denis"]
[Black "Fedorov, Alexei"]
[Result "0-1"]
[WhiteElo "2347"]
[BlackElo "2603"]
[Annotator "Ftacnik,L"]
[PlyCount "56"]
[EventDate "2005.03.04"]
[EventType "tourn"]
[EventRounds "13"]
[EventCountry "BLR"]
[EventCategory "9"]
[SourceTitle "CBM 106"]
[Source "ChessBase"]
[SourceDate "2005.06.06"]
[SourceVersion "1"]
[SourceVersionDate "2005.06.06"]
[SourceQuality "1"]

1. e4 c5 2. Nf3 d6 3. d4 cxd4 4. Nxd4 Nf6 5. Nc3 g6 6. Bc4 Bg7 7. h3 O-O 8. Bb3
a6 9. O-O b5 10. Re1 Bb7 11. a4 bxa4 12. Rxa4 (12. Bxa4 e6 (12... Qc7 13. Bg5
Nbd7 14. Nd5 (14. Bxd7 Qxd7 15. Nb3 Rac8 16. Qd3 Qe6 17. Rad1 Nd7 18. Nd5 {
1/2-1/2 Pekarek,A-Ernst,T/Dortmund 1992/ (42)}) 14... Nxd5 15. exd5 Ne5 16. Nc6
Bxc6 17. dxc6 e6 18. Bf4 Rfd8 19. Bxe5 Bxe5 20. c3 d5 {1/2-1/2 Horvath,
J-Sehner,N/Budapest 1987/ (30)}) 13. Bg5 Nbd7 14. Qd2 Qc7 15. Bxd7 Nxd7 16. Bh6
Bxh6 17. Qxh6 Ne5 (17... Nc5 18. Re3 e5 19. Nf5 f6 20. Ng3 Ne6 21. Rd1 Nd4 {
0-1 Nicholson,J-Hodgson,J/Southampton 1986/ (49)}) 18. Rad1 Nc4 19. Na4 e5 20.
Nf3 f6 21. b3 Bc6 22. Nc3 Nb6 23. Rd3 {1-0 Iskov,G-Kudrin,S/Copenhagen 1983/ 
(54)}) (12. Bd5 Nxd5 13. exd5 Nd7 14. Bg5 Nf6 15. Nc6 Bxc6 16. dxc6 Rc8 17. Nd5
Nxd5 18. Qxd5 Bxb2 19. Bxe7 Qb6 20. Reb1 {1/2-1/2 Bobras,P-Moor,R/Chania 1994/
(68)}) 12... Nbd7 13. f3 {White has managed to undermine black's pawn
structure, but all Fedorov's pieces are harmoniously developed.} (13. Bd5 Nxd5
14. exd5 Nb6 15. Rb4 Qc7 16. Nc6 Bxc6 17. dxc6 Qxc6 18. Be3 Nc4 19. Qd5 Rfc8
20. Qxc6 Rxc6 21. Nd5 Kf8 {0-1 Nicholson,J-Watson,W/Southampton 1986/ (39)})
13... Nc5 14. Ra3 e6 15. Ba2 (15. Be3 Qc7 (15... d5 16. e5 Nfd7 17. f4) 16. Ba2
Rfe8 $13) 15... Qb6 16. Kh2 (16. Be3 Qxb2 17. Nb1 Qb6 $17) 16... Nh5 17. Nce2 (
17. Nde2 Be5+ 18. Kh1 Ng3+ 19. Nxg3 Bxg3 20. Rf1 Be5 21. Qe1 $13) 17... Rfd8
18. c3 d5 19. b4 (19. exd5 Bxd5 20. b4 Bxa2 21. Rxa2 Nb7 $15) 19... Qc7+ 20. g3
$2 {[%mdl 256] Trifonov must have been unhappy with the flow of the game, but
opening of the kingside had to be done more carefully.} (20. Kg1 dxe4 21. bxc5
e5 22. fxe4 exd4 23. cxd4 Bxe4 24. g4 Nf6 $13) 20... dxe4 21. bxc5 exf3 $1 22.
Nf4 (22. Rg1 e5 23. Qf1 fxe2 24. Nxe2 Rd3 $19) 22... Nxf4 23. Bxf4 (23. gxf4 e5
24. fxe5 Bxe5+ 25. Kg1 Bxd4+ $19) 23... e5 {Black is winning back the
sacrificed piece with a great premium.} 24. Bg5 (24. c6 Bxc6 25. Rxe5 Bxe5 26.
Bxe5 Qxe5 27. Nxc6 Qe3 $19) 24... Rd7 (24... exd4 25. Bxd8 Rxd8 26. cxd4 Bxd4
27. Rd3 Qxc5 $19) 25. Ra4 (25. Be3 Rad8 26. Ra4 Qxc5 $19) 25... Qxc5 26. Rc4
Qd6 (26... Qa5 27. Ra4 Qc7 28. Qd2 exd4 29. cxd4 Qc6 $19) 27. Qa4 (27. Be3 exd4
28. cxd4 Re8 $19) 27... exd4 28. Bf4 f2 $1 {Fine last move wins a decent
square for black queen, the game is over.} (28... Qb6 29. cxd4 Bxd4 $19) (28...
f2 $1 29. Rf1 Qe7 30. Rxf2 Qe1 $19) 0-1

[Event "ESP-chA"]
[Site "Ayamonte"]
[Date "2002.10.04"]
[Round "1"]
[White "Shirov, Alexei"]
[Black "Estremera Panos, Sergio"]
[Result "1-0"]
[WhiteElo "2699"]
[BlackElo "2359"]
[Annotator "Ftacnik,L"]
[PlyCount "63"]
[EventDate "2002.10.04"]
[EventType "tourn"]
[EventRounds "5"]
[EventCountry "ESP"]
[EventCategory "11"]
[SourceTitle "CBM 092"]
[Source "ChessBase"]
[SourceDate "2003.02.06"]
[SourceVersion "1"]
[SourceVersionDate "2003.02.06"]
[SourceQuality "1"]

1. e4 c5 2. Nf3 d6 3. d4 cxd4 4. Nxd4 Nf6 5. Nc3 Nc6 6. g3 g6 7. Nde2 Bg7 8.
Bg2 O-O 9. O-O Rb8 10. a4 a6 11. h3 b5 12. axb5 axb5 13. b3 $146 {Shirov comes
up with a novelty, that aims to neutralize black's pressure along the a1-h8
diagonal.} b4 14. Na4 Ba6 (14... Nxe4 $5 15. Bxe4 Bxa1 16. Bxc6 Bxh3 17. Re1
Bg7 $13) 15. Bb2 Qc7 16. Re1 Bxe2 (16... Rfc8 17. Nd4 Nxd4 18. Bxd4 e5 (18...
Qxc2 $2 19. Nb6 $16) 19. Be3 Bb5 20. Ra2 Bc6 $11) 17. Qxe2 Nd7 18. Red1 Rfc8
19. Rd2 {The position is fairly equal since white has to worry about the c2
pawn.} (19. Bxg7 Kxg7 20. Qd2 Nf6 21. Nb2 Qd7 $11) 19... Nb6 20. Nxb6 Rxb6 (
20... Bxb2 21. Nd5 Qb7 22. Ra2 Be5 23. Qa6 Kf8 $11) 21. Bxg7 Kxg7 22. Qe3 Rb5 (
22... Kg8 23. f4 h6 24. Rd5 e5 $11) 23. Rd5 Qb6 (23... Rxd5 24. exd5 Ne5 25.
Ra2 (25. f4 Nd7 26. Qxe7 Qc3 27. Ra2 Nf6 $1 (27... Qxg3 28. Qxd7 Qe3+ 29. Kh1
Qc1+ 30. Kh2 Qxf4+ $11) 28. Ra7 Rf8 29. Kh2 Nh5 30. Qh4 Re8 $19) 25... Qc5 $11)
24. Qxb6 Rxb6 25. Bf1 Ne5 (25... Nb8 26. Bd3 Nd7 27. Ra7 e6 28. Rb5 Rxb5 29.
Bxb5 Nc5 30. f3 Kf6 $11) 26. f4 Nd7 27. e5 (27. Rd2 Rc3 28. Kf2 Nc5 29. Bg2 e5
$15) 27... Rxc2 28. Ra7 Nc5 $2 {Estremera plays and active move, but misses
the simple tactical problem of the soon to be loose knight.} (28... Nb8 $1 29.
Rxe7 dxe5 30. fxe5 Rc1 (30... Rc3 31. Bc4 Rxg3+ 32. Kh2 Rf3 33. Rd6 Rc6 34. Rb7
$16) 31. Kf2 Rc2+ 32. Be2 Re6 $11) 29. Rxe7 dxe5 (29... Nxb3 30. exd6 Rd2 31.
Bc4 Nd4 32. Rxf7+ Kh6 33. Kh1 Rd1+ 34. Bf1 Rxf1+ 35. Kg2 Nc2 36. Re7 Re1 37. g4
$18) 30. Rc7 exf4 (30... Rc3 31. Rdxc5 Rxg3+ 32. Kh2 exf4 33. Bc4 Rf6 34. Rb5
$16) 31. Rdxc5 Rxc5 32. Rxc5 (32. Rxc5 fxg3 33. Kg2 f5 34. Kxg3 $18) 1-0

[Event "Hoogovens"]
[Site "Wijk aan Zee"]
[Date "1998.01.18"]
[Round "3"]
[White "Adams, Michael"]
[Black "Kramnik, Vladimir"]
[Result "0-1"]
[WhiteElo "2670"]
[BlackElo "2790"]
[Annotator "Ftacnik,L"]
[PlyCount "58"]
[EventDate "1998.01.16"]
[EventType "tourn"]
[EventRounds "13"]
[EventCountry "NED"]
[EventCategory "17"]
[SourceTitle "CBM 063"]
[Source "ChessBase"]
[SourceDate "1998.03.26"]
[SourceVersion "1"]
[SourceVersionDate "1998.03.26"]
[SourceQuality "1"]

1. e4 c5 2. Nf3 Nc6 3. Nc3 d6 4. d4 cxd4 5. Nxd4 Nf6 6. g3 g6 7. Bg2 Nxd4 8.
Qxd4 Bg7 9. O-O O-O 10. Qb4 a5 11. Qb3 Be6 $1 (11... Rb8 12. a4 Nd7 13. Be3 b6
14. Rfd1 Bb7 15. Bd4 Bxd4 16. Rxd4 Nc5 {1/2-1/2 Adams,M-Short,N/FIDE-Wch k.o.
1997/CBM 63 (44)}) 12. Nd5 (12. Qxb7 Bc4 13. Re1 (13. Rd1 Nd7 14. Be3 Rb8 15.
Qc6 Ne5 16. Qa4 Rb4 {0-1 Jusic,Z-Jirovsky,M/Stockerau op-J 1991/EXT 91op2 (33)}
) 13... Nd7 14. Qc6 Nc5 15. e5 {1-0 Milos,G-Gaprindashvili,N/Palma de Mallorca
GMA 1989/TD 89\13 (45)}) 12... a4 13. Qxb7 (13. Qa3 Nxd5 14. exd5 Bf5 15. c3
Qd7 16. Re1 Bf6 17. Be3 Bh3 18. Bxh3 Qxh3 19. Rad1 Qd7 20. Bd4 {1/2-1/2
Schmidt Schaeffer,S-Werner,C/BL2-S9697 1996/BL2-S (34)}) 13... Nxd5 (13... Bxd5
14. exd5 a3 15. Rb1 Nd7 16. b3 Nc5 17. Qb5 Qc8 18. Bg5 Qf5 19. Bxe7 Rfb8 20.
Qc4 Rc8 {1/2-1/2 Schaefer,M-Kunze,M/FRG-ch qual 1990/GER 01}) 14. exd5 Bf5 15.
Bg5 $2 (15. c3 $142 $5 a3 16. Qb3 axb2 17. Qxb2 Qa5 18. Bd2 $13) 15... Qb8 16.
Qxb8 Rfxb8 17. Bxe7 Rxb2 18. a3 Rxc2 19. Rae1 (19. Rac1 Rxc1 20. Rxc1 Bb2 21.
Rc6 Re8 22. Rc7 (22. Bxd6 $4 Re1+ 23. Bf1 Bh3 $19) 22... Bxa3 $17) 19... Ra6
20. Be4 Bxe4 21. Rxe4 Bb2 22. Rfe1 $2 (22. Re3 $142 Bd4 $17 {/\23... Bc5})
22... Rc1 $1 $19 (22... Bxa3 $4 23. Bf6 $18) 23. Rxc1 Bxc1 24. Bf6 Ra8 25. Rc4
Bxa3 26. Bd4 Bc5 27. Bxc5 dxc5 28. Rxc5 a3 29. Rc1 a2 0-1

[Event "Belgrade GMA op"]
[Site "Belgrade"]
[Date "1988.??.??"]
[Round "?"]
[White "Matulovic, Milan"]
[Black "Watson, William N"]
[Result "1/2-1/2"]
[WhiteElo "2425"]
[BlackElo "2500"]
[Annotator "Ftacnik,L"]
[PlyCount "61"]
[EventDate "1988.12.??"]
[EventType "swiss"]
[EventRounds "9"]
[EventCountry "YUG"]
[SourceTitle "TD"]
[Source "ChessBase"]
[SourceDate "1994.03.01"]
[SourceVersion "1"]
[SourceVersionDate "1994.03.01"]
[SourceQuality "1"]

1. e4 c5 2. Nf3 d6 3. d4 cxd4 4. Nxd4 Nf6 5. Nc3 g6 6. g3 Bg7 7. Bg2 O-O 8. h3
Nc6 9. Be3 (9. Nb3) 9... Bd7 10. O-O $5 (10. Nde2 Rb8 11. a4 a6) 10... Ne5 $1
11. Nde2 b5 $2 (11... Nc4 12. Bc1 b5 $1 $132) 12. b3 $1 Qc8 13. f4 Nc6 14. Kh2
$14 Rb8 15. Qd2 b4 16. Nd5 a5 17. Rac1 Rd8 $6 (17... Re8) 18. Rfe1 Qa6 19. c3
$6 (19. c4 $16) 19... a4 $1 20. c4 axb3 21. axb3 Qa3 22. Nd4 Nxd5 23. exd5 Na5
24. Rb1 Bxd4 25. Qxd4 Nxb3 26. Qd1 Ba4 $2 (26... Nc5 27. Bxc5 dxc5 28. Rxe7 Bf5
29. Rb3 Qa6 $10) 27. f5 $1 Nc5 28. Qg4 $1 Bd7 29. Bd4 $1 $18 Bxf5 30. Qh4 Nd7 (
30... Bxb1 31. Qh6 $1 f6 32. Rxe7 $18) 31. Ra1 $5 (31. Ra1 $5 Qd3 32. Rxe7 Ne5
33. Bxe5 dxe5 34. Qf6 Rf8 35. Raa7 $18) (31. Rxe7 Qd3 (31... Bxb1 32. Rxd7 $1
Rxd7 33. Qf6 Kf8 34. Qh8+ Ke7 35. Bf6#) (31... Ne5 32. Qf6 $1 Rf8 33. Rxe5 $1
dxe5 34. Bxe5 $18) 32. Rxf7 $3 Kxf7 33. Qxh7+ Ke8 34. Re1+ Ne5 35. Bxe5 dxe5
36. Rxe5+ Kf8 37. Re7 $1 $18) 1/2-1/2

[Event "EU-Cup 21st"]
[Site "Saint Vincent"]
[Date "2005.09.23"]
[Round "6.5"]
[White "Kovalev, Andrei"]
[Black "Stanojoski, Zvonko"]
[Result "1-0"]
[WhiteElo "2548"]
[BlackElo "2458"]
[Annotator "Ftacnik,L"]
[PlyCount "85"]
[EventDate "2005.09.18"]
[EventType "team-swiss"]
[EventRounds "7"]
[EventCountry "ITA"]
[SourceTitle "CBM 110"]
[Source "ChessBase"]
[SourceDate "2006.01.31"]
[SourceVersion "1"]
[SourceVersionDate "2006.01.31"]
[SourceQuality "1"]
[WhiteTeam "Ashdod"]
[BlackTeam "Skopje"]
[WhiteTeamCountry "ISR"]
[BlackTeamCountry "MKD"]

1. e4 c5 2. Nf3 d6 3. d4 cxd4 4. Nxd4 Nf6 5. Nc3 g6 6. Be2 Bg7 7. O-O O-O 8.
Nb3 Nc6 9. Re1 (9. Bg5 Be6 10. Re1 a5 11. Bb5 Nd7 (11... Ne5 12. h3 Rc8 13. Nd5
Bxd5 14. exd5 a4 15. Bxa4 Nc4 16. Rb1 Qb6 17. Nd2 Nxb2 18. Qf3 Qd4 19. Bb3 Rfe8
20. Ne4 {1-0 Geller,E-Knoppert,E/Berlin 1991/ (31)}) (11... h6 12. Bh4 Qb6 13.
a4 g5 14. Bg3 Bxb3 15. cxb3 Nd4 16. Bc4 e6 17. Rc1 Rac8 18. Kh1 Rfd8 19. f3 d5
20. exd5 exd5 21. Bb5 Nf5 {0-1 Xie Jun-Gaponenko,I/Yerevan 1996/ (27)}) (11...
Rc8 12. Nd5 Bxd5 13. exd5 Nb4 14. c4 h6 15. Bd2 Nd7 $2 (15... b6) 16. Nxa5 Nd3
17. Nxb7 Qb6 18. Be3 Qxb7 19. Qxd3 Bxb2 20. Rab1 {1-0 Yemelin,V-Bakhrakh,V/St
Petersburg 1996/ (28)}) 12. Nd5 Re8 13. c3 a4 14. Nd2 Nb6 15. Nf3 Ra5 16. Qd3
Bd7 17. Qe2 Nxd5 18. exd5 Ne5 19. Bxd7 Qxd7 20. Nxe5 Bxe5 21. Rad1 {1-0
Kupreichik,V-Velimirovic,D/Cetinje 1993/ (38)}) 9... a5 (9... a6 10. Bf1 b5 11.
Nd5 Nd7 $1 12. c3 e6 13. Ne3 Nb6 14. f4 Bb7 15. Ng4 Nc4 16. Nd2 Qb6+ 17. Kh1
Nxd2 18. Bxd2 f5 $15 {Zagrebelny-Serper/Tashkent/1992/}) 10. Bb5 Be6 11. h3 {
Kovalov makes a timid move, that can hardly crack the black defense. The
position after 11.Bg5 would have transposed to the well known line with
somewhat better chances for white.} (11. Bg5 $1) 11... Rc8 (11... Qc7 12. Be3
Ne5 $11) 12. Bg5 h6 13. Be3 (13. Bh4) 13... d5 {Stanojoski is impatient to
solve the problems of the center, since white often continues with unpleasant
jump of the knight to d5.} 14. Bxc6 (14. exd5 Nxd5 15. Nxd5 Qxd5 16. Qxd5 Bxd5
17. c4 Be6 18. Rad1 Bxb2 19. Nc5 $14) 14... Rxc6 (14... bxc6 15. Nc5 Rb8 (15...
Nxe4 16. N3xe4 dxe4 17. Nxe6 Qxd1 18. Raxd1 fxe6 19. Rd7 Kf7 20. Bc5 Bf6 21.
Red1 $14) 16. Bd4 Bc8 $11) 15. e5 (15. Nd4 Rxc3 $5 (15... Rc4 16. e5 Nd7 17.
Nxe6 fxe6 18. Nxd5 Nxe5 19. Nc3 $14) 16. bxc3 Nxe4 17. Nxe6 fxe6 18. Qg4 Kf7
$13) 15... Ne4 16. Nd4 Ra6 17. Ncb5 (17. Nxe4 dxe4 18. c3 Qc7 $11) 17... Bc8 (
17... Bxe5 18. Bxh6 Re8 19. f3 Bd7 20. fxe4 Bxb5 21. Nxb5 Qb6+ 22. Be3 Qxb5 23.
Qxd5 Qxd5 24. exd5 e6 25. dxe6 Raxe6 26. Bf2 $14) 18. f3 Nc5 (18... Ng3 19. Qd2
g5 20. Bf2 Nh5 $11) 19. Qd2 Kh7 20. Rad1 e6 {White has managed to obtain small
advantage, but black's position is very solid.} (20... Qd7 21. Nc3 Na4 (21...
Bxe5 $2 22. Bxh6 Bxd4+ 23. Qxd4 Kxh6 24. Qxc5 $18) 22. Nxa4 Qxa4 23. b3 Qd7 24.
f4 $14) (20... Nd7 21. f4 a4 22. Qc3 $14) 21. Nf5 $5 (21. Bf4 Bd7 22. c3 Bxb5
23. Nxb5 Qb6 24. Nd4 a4 $11) 21... gxf5 (21... Nb3 22. axb3 gxf5 23. f4 $14)
22. Bxc5 Rg8 23. Bd4 (23. c4 f6 24. exf6 Bxf6 25. cxd5 Qxd5 26. Qxd5 exd5 27.
Re2 Re6 $11) 23... Bf8 24. Nc3 Rc6 25. Kh1 Qh4 26. Bf2 (26. a3 Qg3 27. Rg1 $11)
26... Qg5 27. Be3 Qg6 {With two bishops and open g file black can hope to keep
balance.} (27... Qg3 28. Bf4 Qh4 29. Nb5 Rc4 30. Nd4 a4 31. c3 b6 32. Kh2 $11)
28. Rg1 Rc4 29. Bd4 (29. g4 Bb4 30. Bd4 Bd7 $11) 29... Qg5 30. Qd3 Qh4 31. Ne2
Bd7 32. Kh2 (32. b3 Rc8 33. Kh2 $11) 32... Kh8 (32... Bb5 33. Qd2 Rc8 $15) 33.
g3 Qg5 34. Nf4 Bc5 (34... Bb5 35. b3 Rc5 36. Qd2 Rc8 37. g4 Be7 38. c3 $14) 35.
h4 $2 (35. Bxc5 Rxc5 36. h4 Qg7 37. Rde1 Bb5 38. Qd2 d4 $11) 35... Qd8 $2 {
Both players seem to have missed the simple combination winning a pawn for
black.} (35... Rxd4 $1 36. hxg5 Rxd3 37. Nxd3 Bxg1+ 38. Kxg1 hxg5 $17) 36. Bxc5
Rxc5 37. Rg2 Qc7 (37... Bb5 38. Qe3 Rc6 39. Ne2 Rg6 40. Nd4 Rb6 41. Nxb5 Rxb5
42. c4 $16) 38. Qe3 Rxc2 $2 {This grave tactical mistake looses on the spot,
white manages to win with kingside attack.} (38... Rg7 39. c3 Rc4 40. Rdg1 $14)
39. Nxd5 $1 Rxg2+ 40. Kxg2 Qc2+ (40... exd5 41. Qxh6#) 41. Rd2 f4 42. Qxf4 Qg6
(42... Qh7 43. Nf6 $18) 43. Ne7 1-0

[Event "Rubinstein Memorial 37th"]
[Site "Polanica Zdroj"]
[Date "2000.08.26"]
[Round "9"]
[White "Movsesian, Sergei"]
[Black "Shirov, Alexei"]
[Result "1/2-1/2"]
[WhiteElo "2666"]
[BlackElo "2746"]
[Annotator "Ftacnik,L"]
[PlyCount "63"]
[EventDate "2000.08.17"]
[EventType "tourn"]
[EventRounds "9"]
[EventCountry "POL"]
[EventCategory "17"]
[SourceTitle "CBM 079"]
[Source "ChessBase"]
[SourceDate "2000.11.21"]
[SourceVersion "1"]
[SourceVersionDate "2000.11.21"]
[SourceQuality "1"]

1. e4 c5 2. Nf3 d6 3. d4 cxd4 4. Nxd4 Nf6 5. Nc3 Nc6 6. g3 g6 7. Nde2 Bg7 8.
Bg2 O-O 9. O-O Rb8 10. a4 a6 11. h3 b5 12. axb5 axb5 13. Be3 b4 14. Nd5 Nd7 15.
Rb1 {It seems a bit more logical to protect the b2 pawn from the a2 square.} (
15. Ra2 Nc5 (15... e6 16. Ndf4 Qc7 (16... b3 17. cxb3 Nb4 18. Ra1 Bxb2 19. Rb1
Be5 20. Nd3 Nxd3 21. Qxd3 Nc5 22. Qc2 Ba6 23. Rfd1 Rc8 {0-1 Marinkovic,
I-Kovacevic,A/Ulcinj/1997/ (40)}) 17. b3 Bb7 18. Qd2 Rfd8 (18... Ra8 19. Rxa8
Rxa8 20. Rd1 (20. Nd3 $5 Ba6 21. Rd1) 20... Ra1 $1 21. Nc1 Bb2 22. Nfe2 Ba6 23.
Kh2 Bxe2 24. Nxe2 Rxd1 25. Qxd1 Nc5 26. f4 e5 {1/2-1/2 Jansa,V-Maki,V/Pula/
1997/ (43)}) 19. Nd3 Ba8 20. Bg5 Rdc8 21. Bh6 Bh8 22. Rd1 Nc5 {1/2-1/2 Jansa,
V-Thorhallsson,T/Gausdal/1996/ (44)}) (15... Bb7 16. Qd2 e6 17. Ndf4 Nde5 18.
b3 Qc7 19. Nd4 Nxd4 20. Bxd4 Rfc8 21. Ne2 Bc6 22. Rd1 Bb5 {1/2-1/2 Rogic,
D-Loncar,R/Medulin/1997/ (34)}) 16. b3 (16. Nd4 Bb7 17. Nxc6 Bxc6 18. Bg5 Re8
19. b3 h6 20. Bd2 Bxd5 21. exd5 Qb6 22. Re1 {1-0 Mokry,K-Jirovsky,P/CZE/1998/ 
(33)}) 16... Bb7 17. g4 e6 18. Ndf4 Ne5 (18... Qe7 19. Nd3 Ra8 20. Rxa8 Rxa8
21. Qd2 Ra2 22. Ndc1 Ra1 23. Rd1 e5 24. Qxd6 Qxd6 25. Rxd6 Ne6 {1/2-1/2
Popovic,P-Zaltsman,V/New York/1986/ (30)}) 19. Ng3 Qc7 20. Qd2 Rfd8 21. Rd1
Nxe4 22. Nxe4 Bxe4 23. Bxe4 d5 24. Ra7 Qc8 25. Nxd5 exd5 26. Bg5 Qc5 27. Bxd8
dxe4 {1/2-1/2 Grigorov,J-Inkiov,V/Sofia/1985/ (53)}) (15. Nd4 $4 Bxd4 $1 $19 (
15... Bb7 16. Nxc6 Bxc6 17. Bd4 Bxd4 18. Qxd4 Bxd5 (18... e5 19. Qd2 Bxd5 20.
Qxd5 Nf6 21. Qd3 {1/2-1/2 Slobodjan,R-Sadler,M/Germany/1999/ (35)}) 19. exd5
Qc7 20. Ra7 Rb7 21. Rxb7 Qxb7 22. Re1 Nf6 23. Qc4 {1/2-1/2 Shalnev,N-Vuckovic,
A/Neuwied/1993/ (30)}) (15... Nde5 16. f4 Nxd4 17. Bxd4 Nc6 18. Bxg7 Kxg7 19.
f5 (19. Qd2 Be6 20. Ra6 Rc8 21. Rf2 Bxd5 22. exd5 Nb8 23. Qd4+ Kg8 24. Ra7 {
1/2-1/2 Mazi,L-Gazarek,D/Ljubljana/1998/ (31)}) 19... Bb7 20. Kh2 Ne5 21. Nxe7
f6 22. Nd5 g5 23. Ne3 Rf7 24. h4 gxh4 25. gxh4 Kh8 {1/2-1/2 Mendoza,R-Bischoff,
D/Yerevan/1996/ (48)}) 16. Bxd4 e6 17. Ne3 (17. Nf4 e5 $19) 17... e5 18. Ba7
Rb7 19. Qxd6 Nxa7 20. Nd5 (20. Rfd1 Re8 21. Bf1 Qf6 22. Qd2 Nc6 23. Nd5 Qe6 {
0-1 L'Ami,E-Tiviakov,S/Hoogeveen/1999/ (47)}) 20... Re8 21. Nxb4 Re6 22. Qd2
Qb6 (22... Nc6 23. Nxc6 Rxc6 24. c3 Qb6 25. b4 Qc7 26. Rac1 Nb6 {0-1 Bellia,
Fabrizio-Tiviakov,Sergei/Caorle/1990 (41)}) 23. c3 Nc6 24. Ra6 Qb5 25. Ra8 Nb6
26. Raa1 Nxb4 27. cxb4 Rd7 {0-1 Kamsky,G-Tiviakov,S/Daugavpils/1986/ (68)}) (
15. Qc1 e6 (15... Nde5 16. b3 e6 17. Ndf4 Bb7 18. Rd1 Qc7 19. Nd4 Nxd4 20. Bxd4
Rfc8 21. Ra2 Ra8 {0-1 Payen,A-Rigo,J/Paris/1995/ (35)}) 16. Ndf4 Nb6 (16... Qc7
17. Ra2 Nf6 18. Nd3 Rd8 19. c4 Bb7 20. b3 Nd7 21. Rd1 Nce5 22. Nxb4 {1-0
Malakhov,V-Svidler,P/Elista/1997/ (28)}) 17. Nd3 Re8 18. Rd1 Nc4 19. Bh6 Bh8
20. b3 N4a5 21. Ra2 Ba6 22. Bg5 Qc7 {1-0 Payen,A-Derrieux,C/Bagneux/1993/ (81)}
) 15... e6 16. Ndf4 b3 $5 17. cxb3 (17. Qxd6 bxc2 18. Rbc1 Nb4 $13) 17... Nc5
18. Nc1 (18. Rc1 Ba6 19. Re1 (19. Bxc5 dxc5 20. Qxd8 Rfxd8 21. Rxc5 Nd4 22. Re1
Nxe2+ 23. Nxe2 Rxb3 $15) 19... Qe7 20. Bxc5 dxc5 21. Qc2 Rfc8 22. Qxc5 Qxc5 23.
Rxc5 Rxb3 24. Rec1 Ne7 $11) 18... Na5 (18... Ba6 19. Re1 Qc7 20. Bd2 $14) 19.
e5 $3 {[%mdl 64] A surprising move, that shows the conncetion between the
squares b4,c5 and e5 in it's main tactical undercurrent.} (19. Bxc5 dxc5 20.
Qc2 Qb6 21. Rd1 $13) 19... Ba6 (19... dxe5 $2 20. Bxc5 exf4 21. Bxf8 $18) (
19... Bxe5 20. b4 Rxb4 (20... g5 21. bxc5 gxf4 22. gxf4 $16) (20... Bxf4 21.
Bxf4 e5 22. Bd2 $18) 21. Bxc5 dxc5 22. Qxd8 Rxd8 23. Nfd3 $1 (23. Ncd3 $6 Bxf4
24. Nxb4 Bd2 25. Nc6 Nxc6 26. Bxc6 Ba6 27. Rfd1 Be2 $17) 23... Nc4 24. Nxb4
cxb4 25. Na2 b3 26. Nc3 $14) 20. Re1 Naxb3 (20... Ncb7 $2 21. exd6 e5 22. Nd5
Nxd6 23. Ra1 $18) 21. exd6 (21. Qxd6 $1 Qa5 (21... Qxd6 22. exd6 Rfd8 23. Nxb3
Nxb3 24. Red1 Rb4 25. Bc6 Be5 26. d7 Bxf4 27. Bxf4 Nd4 28. Bg5 Nxc6 29. Rbc1 $1
$18) (21... Qc8 22. Nxb3 Nxb3 23. Rec1 Nxc1 24. Rxc1 Qe8 25. Qxa6 Bxe5 26. Nd3
$18) 22. Nxb3 Nxb3 23. Qa3 Qxa3 24. bxa3 Bc4 25. Ba7 Rbc8 26. Re3 $16) 21...
Qd7 22. Nxb3 Nxb3 23. Ne2 (23. Nd3 Rfd8 24. Nc5 (24. Bf4 f6 25. Nc1 Nxc1 26.
Rxc1 e5 27. Rc6 Bb5 28. Qd5+ Kh8 29. Rc7 Qxd6 $11) 24... Nxc5 25. Bxc5 Bxb2 $11
) 23... Be5 $1 {Shirov's pieces are very active, so he should be able to come
close to equality.} (23... Rfd8 24. Bf4 f6 25. Nc3 $16) 24. Nd4 (24. Nc1 Nxc1
25. Rxc1 Rfc8 $14) 24... Nxd4 25. Bxd4 Bxd6 26. Bc3 (26. Bc5 Rfd8 27. b4 Qc7
$11) 26... Qe7 27. Ra1 (27. Bf6 Qxf6 28. Qxd6 Bb7 $11) 27... Bb7 28. Bxb7 (28.
Ra7 Bc5 $11) 28... Rxb7 29. Qf3 (29. Qd4 e5 30. Qe4 Rd8 31. Ra6 $14) 29... Rb5
30. Qe3 (30. Bf6 $5 Qc7 31. Rac1 $14) 30... Bb4 31. Ra7 Rb7 32. Rxb7 1/2-1/2